000 00701nam a22002417a 4500
005 20170124110148.0
010 _aA-899699
020 _c00.00
_a8172245572
035 _aA-899699
037 _bCen Lib/Ret
040 _aDPL
_bEN
082 _a025.2
_bATT
100 _aAtton, Chris
_933830
245 _aAlternative literature :
_cby Chris Atton
_ba practical guide for librarians /
260 _aMumbai
_bJaico Publishing House
_c1997
270 _a121, M.G.Road
_bMumbai
_e400023
300 _ax,202p.
_c22cm(Hb)
500 _aIncludes index
650 _aLibrary Science
_933831
650 _aUnited States
_933832
700 _933767
942 _2ddc
_cEN
_h025.2
_mATT
999 _c132147
_d132147